logo

Bir Sreshtho Munshi Abdur Rouf Library
Jhenaidah Cadet College

The Guinness book of records 1994 / (Record no. 9975)

MARC details
000 -LEADER
fixed length control field 00966cam a2200265 a 4500
001 - CONTROL NUMBER
JCCL Control Number 9975
003 - CONTROL NUMBER IDENTIFIER
JCCL marc code BD-JhCC
005 - DATE AND TIME OF LATEST TRANSACTION
control field 20180729100907.0
008 - FIXED-LENGTH DATA ELEMENTS--GENERAL INFORMATION
fixed length control field 180403d19991999ctuar 0 0eng c
035 ## - SYSTEM CONTROL NUMBER
system control number (OCoLC)ocm39917533
-- (BD-JhCC)9975
040 ## - CATALOGING SOURCE
Original cataloging agency CSf
Transcribing agency CSf
Modifying agency NIIC
-- MCM
-- DLC
-- N
-- WaU
-- DLC
-- InU
-- DLC
-- OCoLC
-- BD-JhCC
041 ## - LANGUAGE CODE
Language code of Book eng
050 00 - LIBRARY OF CONGRESS CALL NUMBER
Classification number AG243
Item number .G87
082 04 - DEWEY DECIMAL CLASSIFICATION NUMBER
Classification number 032
Author mark and Year GUI 1998
245 14 - TITLE STATEMENT
Title The Guinness book of records 1994 /
Statement of responsibility, etc Guinness Publishing
260 ## - PUBLICATION, DISTRIBUTION, ETC. (IMPRINT)
Place of publication, distribution, etc [Stamford, Conn.] :
Name of publisher, distributor, etc Guinness Pub.,
Date of publication, distribution, etc c1998.
300 ## - PHYSICAL DESCRIPTION
Pagination 310 p. :
Other physical details col. ill. ;
Dimensions 31 cm.
580 ## - LINKING ENTRY COMPLEXITY NOTE
Linking entry complexity note Issued in numerous other editions (e.g., English language ed. for 1999 published in 40 countries; with another 37 eds. in foreign languages), including the original London ed.
650 #0 - SUBJECT ADDED ENTRY--TOPICAL TERM
Topical term or geographic name as entry element World records
Form subdivision Periodicals.
650 #0 - SUBJECT ADDED ENTRY--TOPICAL TERM
Topical term or geographic name as entry element Curiosities and wonders
Form subdivision Periodicals.
710 ## - ADDED ENTRY--CORPORATE NAME
Corporate name or jurisdiction name as entry element Guinness Publishing
942 ## - ADDED ENTRY ELEMENTS (KOHA)
Source of classification or shelving scheme Dewey Decimal Classification
Koha item type Reference
Holdings
Source of classification or shelving scheme Damaged status Not for loan Home library Current library Shelving location Date of accession Total Checkouts Full call number Barcode Date last seen Copy number Koha item type
Dewey Decimal Classification     JCC Rouf Library JCC Rouf Library General Stacks 04/03/2018   032 GUI 1998 13434 04/03/2018 C-1 Reference

JCC Library | Contacts | JCC Home

Last Update on 23 September 2017
Copyright @ 2017-2020 JCC Rouf Library
Rouf Library, Jhenidah Cadet College (JCC), Bangladesh